| 000 | 01788nam a2200313 c 4500 | ||
|---|---|---|---|
| 003 | BLK | ||
| 005 | 20180422115730.0 | ||
| 008 | 180411b bul|||||r ||||||| ||bul|| | ||
| 010 | _aKNG00199839000 | ||
| 040 | _aBLK | ||
| 041 |
_aBUL _cBUL |
||
| 072 | 7 |
_2bullib _aА _xФонд Михаил Арнаудов |
|
| 080 |
_aБългарска литература _b821.163.2 _x-34 _z821.163.2-34 |
||
| 100 | 1 |
_aВазов, Иван Минчов _eпърви автор _9363396 |
|
| 139 |
_aВазов, Иван Минчов _bВ 15 |
||
| 245 | 1 | 0 |
_aЛегенди и видения _bРазходка из историята _cИван Минчов Вазов. |
| 257 | _aBGR | ||
| 260 |
_аСофия _bФакел _c1940 _fСофия : кооп. печ. Гутенберг |
||
| 300 |
_a96 с. _c15 см |
||
| 380 | _aX | ||
| 490 | 1 |
_aБиблиотека Иван Вазов _v116 |
|
| 500 | _aСъдържа: Последният му ден ; Последният ден на ХХ век ; Великият заточеник ; Ангелът ; Търново през 1411 г. ; Пир в Ерусалим ; Звездата ; Разходка из историята ; Гробът на патриарх Евтимий ; Ивайло ; Спомени и срещи ; Асен I ; Срещи на Изток със Запад ; Поглед върху историческия живот на грузинския народ. - Инициали в кн.: А. А. (вероятно Асен Арнаудов)(инв. № 590673). - Мека подв., неразрязана | ||
| 659 | _aА | ||
| 852 | _aЦб МА 2005 | ||
| 856 | 4 |
_qpdf _u |
|
| 856 | 4 |
_qpdf _u |
|
| 942 |
_cKNG _n0 |
||
| 944 |
_aCR _c03.02.2017 _kГеновева_Генчева |
||
| 944 |
_aED _c06.02.2017 _kГеновева_Генчева |
||
| 999 |
_c190689 _d190689 |
||